[Event "15PCR_PF3"]
[Site "?"]
[Date "2004.??.??"]
[Round "?"]
[White "Polak, Petr"]
[Black "Trs, Jan"]
[Result "1-0"]
[WhiteElo "2142"]
[BlackElo "2145"]
[PlyCount "94"]
[EventDate "2004.??.??"]
[SourceDate "2005.03.08"]

1. e4 c6 2. d4 d5 3. e5 Bf5 4. Nc3 e6 5. g4 Bg6 6. Nge2 c5 7. h4 cxd4 8. Nxd4
h5 9. f4 hxg4 10. Bb5+ Nd7 11. f5 Rxh4 12. Rf1 exf5 13. e6 fxe6 14. Nxe6 Qe7
15. Qe2 Kf7 16. Ng5+ Ke8 17. Be3 Rh2 18. Qd3 Ngf6 19. O-O-O a6 20. Bf4 axb5 21.
Rfe1 Ne4 22. Nxd5 Rxa2 23. Kb1 Rxb2+ 24. Kxb2 Qa3+ 25. Qxa3 Bxa3+ 26. Kxa3 Rxc2
27. Nc7+ Kd8 28. Nxb5 Rc6 29. Nxe4 fxe4 30. Rg1 Ke8 31. Nd6+ Kf8 32. Nxe4 Ra6+
33. Kb4 Bxe4 34. Rxd7 Bc6 35. Bd6+ Kg8 36. Re7 Bf3 37. Be5 Rg6 38. Rc1 g3 39.
Rcc7 g2 40. Rxg7+ Rxg7 41. Rxg7+ Kf8 42. Kc5 g1=Q+ 43. Rxg1 Ke7 44. Bd4 Bc6 45.
Re1+ Kf7 46. Kd6 Kg6 47. Re5 Ba4 1-0